Estadísticas para Provincias de España por lugares de interés turístico

Haz click aquí para intentar la prueba.

Estadísticas generales

  • Esta prueba ha sido intentada 230 veces
  • La puntuación promedio es 26 de 50

Estadísticas de respuestas

Lugar de interés turísticoProvincia% Correcto
Acueducto romano Segovia
94%
La Alhambra Granada
90%
Parque del Retiro Madrid
88%
Sagrada Familia Barcelona
87%
La Giralda Sevilla
85%
Basílica del Pilar Zaragoza
85%
Mezquita Córdoba
84%
Lagos de Covadonga Asturias
81%
Teatro romano de Mérida Badajoz
77%
Mar Menor Murcia
76%
Teide Santa Cruz de Tenerife
74%
Albufera Valencia
73%
Cuevas de Altamira Cantabria
71%
Parque de Doñana Huelva
71%
Castillo de Peñíscola Castellón
68%
Puente de Ronda Málaga
65%
Ruinas romanas de Tarraco Tarragona
62%
Teatro-museo Dalí Girona
60%
Torre de Hércules A Coruña
59%
Valle de Arán Lleida
56%
Yacimiento de Atapuerca Burgos
53%
Ciudad de Albarracín Teruel
53%
Parque natural de Cazorla Jaén
52%
Las Tablas de Daimiel Ciudad Real
51%
Parque Rosalía de Castro Lugo
50%
Ciudad Encantada Cuenca
49%
Casa de las Conchas Salamanca
48%
Cuevas del Drach Islas Baleares
47%
Puente colgante de Deusto Vizcaya
47%
Lago de Sanabria Zamora
47%
Isla Tabarca Alicante
46%
Circo de Gredos Ávila
42%
Peine del viento Guipúzcoa
41%
Archivo General de Simancas Valladolid
41%
Selva de Irati Navarra
40%
Catedral de Santo Domingo de la Calzada La Rioja
36%
Playa de Las Canteras Las Palmas
30%
Parque natural del Gorbea Álava
29%
Monasterio de Yuste Cáceres
29%
Playa de La Caleta Cádiz
29%
Mirador de la Alcarria Guadalajara
28%
Castro de Santa tecla Pontevedra
28%
Sinagoga del Tránsito Toledo
28%
Casa Botines León
27%
Laguna Negra Soria
27%
Castillo de Chinchilla Albacete
24%
Playa de Monsul Almería
19%
Mallos de Riglos Huesca
16%
Cristo del Otero Palencia
16%
Monasterio de San Salvador Ourense
6%

Distribución de puntuación

Porcentaje por número respondido

Porcentaje de gente con cada puntuación

Historial de tus puntuaciones

No has intentado esta prueba.